[Event "Xtracon Chess Open 2018"]
[Site "Elsinore"]
[Date "2018.07.29"]
[Round "10"]
[White "Dahl, Max"]
[Black "Haraldsson, Leif"]
[Result "1-0"]
[WhiteElo "1848"]
[BlackElo "1942"]
[EventDate "2018.07.21"]
[WhiteFideId "1526626"]
[BlackFideId "1710648"]

1.e4 e5 2.Nf3 d6 3.d4 Nd7 4.Bc4 Be7 5.O-O h6 6.dxe5 Nxe5 7.Nxe5 dxe5 8.Qh5
g6 9.Qxe5 Nf6 10.Nc3 c6 11.Be3 Kf8 12.Rad1 Qe8 13.Bc5 Rh7 14.Qxf6 Bg4 15.
Qxe7+ Qxe7 16.Bxe7+ Kxe7 17.f3 1-0

[Event "Xtracon Chess Open 2018"]
[Site "Elsinore"]
[Date "2018.07.29"]
[Round "10"]
[White "Sjol, Henrik"]
[Black "Mehringer, Joerg"]
[Result "0-1"]
[WhiteElo "1841"]
[BlackElo "1933"]
[EventDate "2018.07.21"]
[WhiteFideId "1505629"]
[BlackFideId "12915351"]

1.d4 Nf6 2.Nf3 g6 3.Nc3 Bg7 4.e4 d6 5.Bc4 O-O 6.Be3 c6 7.Qd2 Re8 8.e5 Ng4 
9.Bf4 dxe5 10.Nxe5 Nxe5 11.Bxe5 Bxe5 12.dxe5 Qxd2+ 13.Kxd2 Rd8+ 14.Ke2 Bf5
15.Bd3 Be6 16.Rhe1 Nd7 17.Kf1 Nb6 18.Rad1 Rd4 19.Re4 Rad8 20.Rxd4 Rxd4 21.
Re1 Nd7 22.Re3 g5 23.Ne4 h6 24.Ng3 Rd5 25.Nf5 Bxf5 26.Bxf5 e6 27.Bd3 Rxe5 
28.Rh3 Kg7 29.f4 gxf4 30.Rf3 Rh5 31.Rxf4 Rxh2 32.Kf2 Rh5 33.Rb4 b5 34.a4 
a6 35.axb5 axb5 36.Rd4 Nc5 37.Be2 Rd5 38.Rg4+ Rg5 39.Rd4 Na4 40.b3 Nc3 41.
Bf3 c5 42.Rd7 b4 43.Rb7 Re5 44.Bg4 Kf6 45.Bf3 Nd5 46.Rb8 Ne3 47.Rh8 Kg7 
48.Rc8 Nxc2 0-1

[Event "Xtracon Chess Open 2018"]
[Site "Elsinore"]
[Date "2018.07.29"]
[Round "10"]
[White "Kallenbach, Olav"]
[Black "Linderod, Lars Erik"]
[Result "0-1"]
[WhiteElo "1838"]
[BlackElo "1931"]
[EventDate "2018.07.21"]
[WhiteFideId "1414852"]
[BlackFideId "1435965"]

1.e4 g6 2.d4 Bg7 3.f4 c6 4.Nf3 d5 5.e5 Bg4 6.h3 Bxf3 7.Qxf3 e6 8.Be3 h5 9.
Bd3 h4 10.Nd2 Nh6 11.O-O-O Bf8 12.Bf2 Be7 13.g3 hxg3 14.Bxg3 Qb6 15.Bf2 
Na6 16.h4 Nb4 17.Kb1 Nxd3 18.Qxd3 Nf5 19.Nf3 Rh5 20.Ng5 Kf8 21.c4 dxc4 22.
Qxc4 Rd8 23.Rhg1 Rd5 24.Ne4 Rb5 25.b3 Rb4 26.Qc2 Bxh4 27.Bxh4 Rxh4 28.Rh1 
Qd8 29.Nf6 Rxd4 30.Qc5+ Kg7 31.Qxd4 Qxd4 0-1

[Event "Xtracon Chess Open 2018"]
[Site "Elsinore"]
[Date "2018.07.29"]
[Round "10"]
[White "Henningsen, Lasse"]
[Black "Manz, Andreas"]
[Result "1-0"]
[WhiteElo "1930"]
[BlackElo "1791"]
[EventDate "2018.07.21"]
[WhiteFideId "1425315"]
[BlackFideId "24660108"]

1.d4 d5 2.c4 e6 3.Nc3 Nf6 4.Nf3 Be7 5.Bg5 h6 6.Bh4 O-O 7.e3 b6 8.Qc2 Bb7 
9.O-O-O Nbd7 10.Kb1 Rc8 11.Ne5 dxc4 12.Bxc4 Nd5 13.Bxe7 Nxc3+ 14.Qxc3 Qxe7
15.Nxd7 Qxd7 16.f3 Qe7 17.e4 Rfd8 18.Qe3 c5 19.dxc5 Rxc5 20.Bb3 Qc7 21.
Rxd8+ Qxd8 22.Rd1 Qc8 23.Qd4 Rc7 24.e5 Ba6 25.h4 Be2 26.Qd8+ Qxd8 27.Rxd8+
Kh7 28.Bc2+ g6 29.Kc1 Bc4 30.b3 Bd5 31.h5 Kg7 32.hxg6 fxg6 33.Kd2 Kf7 34.
Bd3 Kg7 35.Ke3 Kf7 36.g4 Kg7 37.f4 Bc6 38.Rd6 Bd5 39.f5 gxf5 40.gxf5 Kf7 
41.f6 Bg2 42.Rd8 Rc1 43.Rd7+ Kf8 44.Bg6 1-0

[Event "Xtracon Chess Open 2018"]
[Site "Elsinore"]
[Date "2018.07.29"]
[Round "10"]
[White "Satre, Roger"]
[Black "Jarlnaes, Erik"]
[Result "1-0"]
[WhiteElo "1834"]
[BlackElo "1930"]
[EventDate "2018.07.21"]
[WhiteFideId "1510320"]
[BlackFideId "1414623"]

1.d4 Nf6 2.Nf3 e6 3.Bf4 d5 4.e3 c5 5.c3 Nc6 6.Nbd2 Bd6 7.Bg3 cxd4 8.exd4 
Ne4 9.Bd3 f5 10.Be5 Nxe5 11.Nxe5 Bxe5 12.dxe5 Qb6 13.Bxe4 fxe4 14.Nb3 O-O 
15.O-O Qc7 16.Qd4 Rf5 17.Rae1 Bd7 18.f4 Bb5 19.Rf2 Bc4 20.Qc5 Qf7 21.g3 
Bxb3 22.axb3 h5 23.Qe3 Qc7 24.Ra1 b6 25.h3 Rff8 26.Kg2 a5 27.Rd2 Rfe8 28.
Rd4 b5 29.Qe2 g6 30.Qxb5 Reb8 31.Qa4 Qb7 32.Ra3 Qa6 33.Kf2 e3+ 34.Ke1 g5 
35.b4 gxf4 36.gxf4 Rf8 37.Qd1 Qb5 38.Qxh5 axb4 39.Qg6+ Kh8 40.f5 bxa3 41.
Rh4# 1-0

[Event "Xtracon Chess Open 2018"]
[Site "Elsinore"]
[Date "2018.07.29"]
[Round "10"]
[White "Koellner, Felicitas Ophelia"]
[Black "Green, Per"]
[Result "1/2-1/2"]
[WhiteElo "1815"]
[BlackElo "1927"]
[EventDate "2018.07.21"]
[WhiteFideId "16207521"]
[BlackFideId "1703811"]

1.d4 Nf6 2.Bg5 d5 3.e3 c5 4.c3 Qb6 5.Qc2 Nc6 6.Nd2 Bg4 7.Ngf3 e6 8.h3 Bf5 
9.Qc1 Be7 10.Be2 h6 11.Bf4 Rc8 12.dxc5 Bxc5 13.Nb3 Be7 14.Qd1 Bg6 15.O-O 
Ne4 16.Ne5 Nxe5 17.Bxe5 Bf6 18.Bxf6 Nxf6 19.Rc1 O-O 20.Qd4 Qxd4 21.exd4 
Ne4 22.Rfd1 Rfd8 23.Nd2 Nd6 24.Nf3 Bh5 25.Re1 Rc7 26.Ne5 Bxe2 27.Rxe2 Nf5 
28.Rec2 Rdc8 29.Nf3 b5 30.g4 Nd6 31.Ne5 b4 32.Nd3 bxc3 33.bxc3 Ne4 34.f3 
Nxc3 35.Kf1 Nb5 36.Rxc7 Rxc7 37.Rxc7 Nxc7 38.a4 Kf8 39.Nb4 a6 40.Ke2 Ke7 
41.Kd3 Kd6 42.f4 f6 43.Ke3 e5 44.fxe5+ fxe5 45.dxe5+ Kxe5 46.Nd3+ Kd6 47.
h4 Ne6 48.Nb4 a5 49.Nd3 Nc5 50.Nb2 Ke5 51.Kf3 g5 52.hxg5 hxg5 53.Ke3 d4+ 
54.Kf3 Kd5 55.Ke2 Ke4 56.Nc4 d3+ 57.Kd2 Nb3+ 58.Kc3 d2 59.Kc2 Kf4 60.Nb2 
Nc5 61.Kxd2 Kxg4 62.Nc4 Nb7 63.Ke3 Kf5 64.Kf3 g4+ 65.Kg3 Kg5 66.Ne3 Kh5 
67.Nxg4 Nc5 68.Ne3 Nxa4 69.Nc4 1/2-1/2

[Event "Xtracon Chess Open 2018"]
[Site "Elsinore"]
[Date "2018.07.29"]
[Round "10"]
[White "Strachan, Christian C."]
[Black "Nielsen, Palle"]
[Result "0-1"]
[WhiteElo "1927"]
[BlackElo "1771"]
[EventDate "2018.07.21"]
[WhiteFideId "1417215"]
[BlackFideId "1408526"]

1.e4 c6 2.d4 d5 3.e5 Bf5 4.h4 h6 5.g4 Bh7 6.Bd3 Bxd3 7.Qxd3 Qd7 8.f3 Na6 
9.Be3 O-O-O 10.Ne2 e6 11.a3 Kb8 12.b4 Nc7 13.Nd2 Ne7 14.Nb3 Nc8 15.Nc5 Qe8
16.h5 Nb6 17.Bf2 Nc4 18.Qb3 Be7 19.f4 Rf8 20.O-O-O b6 21.Nd3 Ka8 22.Nb2 b5
23.Nd3 Rb8 24.Nc5 Qc8 25.Be1 Bxc5 26.dxc5 Qa6 27.Rh3 Qa4 28.Nd4 Kb7 29.
Rdd3 Ra8 30.Qxa4 bxa4 31.Kb1 Nb5 32.Nxb5 cxb5 33.Ka2 Kc6 34.Bh4 Rfe8 35.
Rd1 a5 36.c3 Ra7 37.Bf2 Rf8 38.Bd4 Re8 39.Rh2 Raa8 40.Rf1 axb4 41.cxb4 Rg8
42.Rg1 Rae8 43.g5 Ref8 44.Rhg2 hxg5 45.Rxg5 Rh8 46.R1g2 Rh6 47.Rxg7 Rxh5 
48.R7g3 Rfh8 49.Rg7 Rf5 50.R7g4 Rh3 51.Bb2 Nxb2 52.Kxb2 Rb3+ 53.Ka2 Rf3 
54.Kb2 d4 55.Rd2 Kd5 56.c6 Rc3 57.Rc2 Rxc2+ 58.Kxc2 0-1

[Event "Xtracon Chess Open 2018"]
[Site "Elsinore"]
[Date "2018.07.29"]
[Round "10"]
[White "Rolstad, Morten"]
[Black "Justinussen, Sigurd B."]
[Result "1-0"]
[WhiteElo "1805"]
[BlackElo "1921"]
[EventDate "2018.07.21"]
[WhiteFideId "1525026"]
[BlackFideId "7200773"]

1.e4 c5 2.Nf3 d6 3.d4 cxd4 4.Nxd4 Nf6 5.Nc3 a6 6.f3 g6 7.Be3 Bg7 8.Qd2 Nc6
9.O-O-O Bd7 10.g4 Qa5 11.Kb1 Nxd4 12.Bxd4 Be6 13.h4 Rg8 14.a3 Nd7 15.Bxg7 
Rxg7 16.Qh6 Rg8 17.Qxh7 O-O-O 18.Nd5 Rde8 19.Nxe7+ 1-0

[Event "Xtracon Chess Open 2018"]
[Site "Elsinore"]
[Date "2018.07.29"]
[Round "10"]
[White "Larsen, Arne Walther"]
[Black "Gula, Julian"]
[Result "0-1"]
[WhiteElo "1750"]
[BlackElo "1909"]
[EventDate "2018.07.21"]
[WhiteFideId "1411357"]
[BlackFideId "12954799"]

1.c4 e5 2.Nc3 Nf6 3.g3 Nc6 4.Bg2 Bc5 5.d3 d6 6.Nf3 h6 7.a3 a6 8.b4 Ba7 9.
Rb1 O-O 10.O-O Be6 11.h3 Rb8 12.a4 Ne7 13.e4 c6 14.b5 Bc5 15.Be3 Bxe3 16.
fxe3 Ng6 17.Qe2 Qd7 18.Kh2 d5 19.cxd5 cxd5 20.exd5 Nxd5 21.Nxd5 Bxd5 22.e4
Be6 23.Rfd1 axb5 24.axb5 Ra8 25.d4 Ra2 26.Rb2 Bc4 27.Qd2 Rxb2 28.Qxb2 Qxb5
29.Qxb5 Bxb5 30.d5 Rd8 31.Bf1 Bxf1 32.Rxf1 f5 33.exf5 Ne7 34.Nxe5 Rxd5 35.
Ng6 Rd2+ 36.Kg1 Nxg6 37.fxg6 Rd6 38.Rc1 Rxg6 39.Rc8+ Kh7 40.Kg2 Rc6 41.Rb8
Rc2+ 42.Kf3 Rc3+ 43.Kg2 Rb3 44.h4 h5 45.Kf2 b5 46.Rb6 b4 47.Rb5 Kg6 48.
Rg5+ Kh6 49.Rb5 Rb1 50.Rb6+ Kh7 51.Rb5 Kg6 52.Rg5+ Kh6 53.Rb5 b3 54.Rb6+ 
Kh7 55.Rb5 Kg6 56.Rg5+ Kf6 57.Rxh5 b2 58.Rb5 Rh1 0-1

[Event "Xtracon Chess Open 2018"]
[Site "Elsinore"]
[Date "2018.07.29"]
[Round "10"]
[White "Rasmussen, Morten Fredsgaard"]
[Black "Lindgaard, Tobias Simon"]
[Result "1-0"]
[WhiteElo "1901"]
[BlackElo "1746"]
[EventDate "2018.07.21"]
[WhiteFideId "1410636"]
[BlackFideId "1419820"]

1.d4 d6 2.Bf4 g6 3.Nf3 Bg7 4.e4 Bg4 5.c3 Nd7 6.Nbd2 Ngf6 7.Bc4 O-O 8.O-O 
Nxe4 9.Nxe4 e5 10.dxe5 Nxe5 11.Be2 Bxf3 12.Bxf3 Qf6 13.Nxf6+ 1-0

[Event "Xtracon Chess Open 2018"]
[Site "Elsinore"]
[Date "2018.07.29"]
[Round "10"]
[White "Andreasen, Jon S."]
[Black "Brink, Nienke van den"]
[Result "1/2-1/2"]
[WhiteElo "1736"]
[BlackElo "1889"]
[EventDate "2018.07.21"]
[WhiteFideId "7201400"]
[BlackFideId "1452568"]

1.b3 d5 2.Bb2 Nf6 3.e3 c5 4.Nf3 a6 5.c4 Nc6 6.cxd5 Nxd5 7.a3 Bf5 8.Be2 e6 
9.O-O h6 10.Nc3 Nf6 11.Rc1 b5 12.Na2 Rc8 13.d4 cxd4 14.Nxd4 Nxd4 15.Qxd4 
Rxc1 16.Qxd8+ Kxd8 17.Rxc1 Be4 18.Nc3 Bb7 19.a4 b4 20.Na2 Bd6 21.Bxa6 Bxa6
22.Rc6 Kd7 23.Rxa6 Rc8 24.Rxd6+ Kxd6 25.Nxb4 Nd5 26.Ba3 Nxb4 27.Bxb4+ Kd5 
28.Be1 Rb8 29.b4 Ra8 30.a5 Kc4 31.Kf1 Kb5 32.Ke2 Rd8 33.g3 1/2-1/2

[Event "Xtracon Chess Open 2018"]
[Site "Elsinore"]
[Date "2018.07.29"]
[Round "10"]
[White "Undheim, Bjarne"]
[Black "Finnsson, Eli W."]
[Result "1-0"]
[WhiteElo "1878"]
[BlackElo "1606"]
[EventDate "2018.07.21"]
[WhiteFideId "1506862"]
[BlackFideId "7201451"]

1.e4 c5 2.Nf3 d6 3.Bb5+ Bd7 4.Bxd7+ Nxd7 5.O-O e6 6.Re1 Ngf6 7.Nc3 Be7 8.
d3 a6 9.a4 O-O 10.h3 Rc8 11.a5 Nb8 12.Bd2 Nc6 13.Ne2 d5 14.e5 Nd7 15.Ng3 
Qc7 16.Bf4 Nd4 17.Nxd4 cxd4 18.Qg4 Kh8 19.Re2 Rg8 20.Qh5 g6 21.Qg4 g5 22.
Bc1 Nxe5 23.Qxd4 Bf6 24.Qa4 Ng6 25.Nh5 Qe7 26.Rb1 h6 27.b3 Bc3 28.Bb2 Bxb2
29.Rxb2 e5 30.Rb1 Qd6 31.Rbe1 f6 32.d4 Nf4 33.Nxf4 gxf4 34.dxe5 Qe6 35.
Qxf4 Qxh3 36.f3 fxe5 37.Qxe5+ Kh7 38.Qxd5 Rg7 39.Qd3+ Kg8 40.Re8+ Rxe8 41.
Rxe8+ Kf7 42.Qe2 Qd7 43.Re4 Rg5 44.Qc4+ Kf8 45.Rd4 Qe8 46.Rf4+ Kg7 47.Qc7+
Kg8 48.Re4 Qf8 49.Re7 h5 50.Qd7 Rg7 51.Rxg7+ Qxg7 52.Qxg7+ Kxg7 53.Kf2 Kf6
54.g4 hxg4 55.fxg4 Ke5 56.Kg3 Kd4 57.Kf4 Kc3 58.g5 Kxc2 59.g6 Kxb3 60.g7 
1-0

[Event "Xtracon Chess Open 2018"]
[Site "Elsinore"]
[Date "2018.07.29"]
[Round "10"]
[White "Larsen, Hans Haagen"]
[Black "Hansen, Verner"]
[Result "0-1"]
[WhiteElo "1679"]
[BlackElo "1876"]
[EventDate "2018.07.21"]
[WhiteFideId "1409557"]
[BlackFideId "1425285"]

1.d4 d5 2.Bf4 e6 3.Nf3 Nd7 4.e3 Ngf6 5.Be2 c5 6.c3 Be7 7.h3 O-O 8.Nbd2 b6 
9.Qa4 a6 10.O-O Bb7 11.Rfc1 Re8 12.Qc2 Nf8 13.Ne5 Rc8 14.b3 cxd4 15.exd4 
b5 16.Ndf3 Ba3 17.Rd1 Ne4 18.c4 f6 19.Ng4 dxc4 20.bxc4 bxc4 21.Rab1 Bd5 
22.Qa4 Bd6 23.Bxd6 Qxd6 24.Rdc1 Qc6 25.Rb4 Qxa4 26.Rxa4 c3 27.Bxa6 Ra8 28.
Rc2 Reb8 29.Bb5 Rxa4 0-1

[Event "Xtracon Chess Open 2018"]
[Site "Elsinore"]
[Date "2018.07.29"]
[Round "10"]
[White "Narheim, Mats"]
[Black "Oland, Arne"]
[Result "0-1"]
[WhiteElo "1544"]
[BlackElo "1875"]
[EventDate "2018.07.21"]
[WhiteFideId "1518607"]
[BlackFideId "1422081"]

1.e4 e5 2.Nf3 Nc6 3.d4 exd4 4.Nxd4 Bc5 5.Nb3 Bb4+ 6.Bd2 a5 7.Bc4 Nf6 8.Nc3
a4 9.Nc1 Ne5 10.Bd3 Bc5 11.O-O d6 12.Bg5 c6 13.Qe1 h6 14.Be3 Qb6 15.Bxc5 
Qxc5 16.Qd2 O-O 17.N1e2 b5 18.Ng3 b4 19.Nd1 Nxd3 20.Qxd3 Ba6 21.Qf3 Bxf1 
22.Kxf1 Rae8 23.Ne3 d5 24.Ngf5 dxe4 25.Qg3 Nh5 26.Qh4 g6 27.g4 gxf5 28.
Qxh5 Qd6 29.gxf5 Kh7 30.Ng4 e3 31.Nxe3 Rxe3 32.fxe3 Qd5 33.Rd1 Qc4+ 34.Qe2
Qe4 35.Qf2 Rg8 36.Rd7 Qh1+ 0-1

[Event "Xtracon Chess Open 2018"]
[Site "Elsinore"]
[Date "2018.07.29"]
[Round "10"]
[White "Haugaard, Thomas"]
[Black "Frisk, Hans"]
[Result "1/2-1/2"]
[WhiteElo "1697"]
[BlackElo "2004"]
[EventDate "2018.07.21"]
[WhiteFideId "1414330"]
[BlackFideId "1708570"]

1.d4 Nf6 2.c4 e6 3.Nc3 Bb4 4.Nf3 b6 5.g3 Bb7 6.Bg2 Bxc3+ 7.bxc3 d6 8.O-O 
O-O 9.Re1 Nbd7 10.Nd2 Bxg2 11.Kxg2 Re8 12.e4 e5 13.Qc2 Nf8 14.Nb3 a5 15.a4
N6d7 16.Be3 Ne6 17.Rad1 Qe7 18.f3 h6 19.Qd2 g5 20.Rh1 Kg7 21.h4 f6 22.Nc1 
Rh8 23.Nd3 Rag8 24.Rdg1 Kf7 25.hxg5 hxg5 26.Kf2 Qe8 27.Qe1 Rxh1 28.Rxh1 
Rh8 29.Rxh8 Qxh8 30.Kg2 Qh7 31.Qh1 Qxh1+ 32.Kxh1 Kg6 33.Kg2 Kh5 34.Kh3 
exd4 35.cxd4 c5 36.d5 Nd4 37.Bxd4 cxd4 38.Kg2 Nc5 39.Nxc5 bxc5 40.Kf2 Kg6 
41.g4 1/2-1/2

[Event "Xtracon Chess Open 2018"]
[Site "Elsinore"]
[Date "2018.07.29"]
[Round "10"]
[White "Nielsen, Peter"]
[Black "Bering, Anders"]
[Result "0-1"]
[WhiteElo "1707"]
[BlackElo "1995"]
[EventDate "2018.07.21"]
[WhiteFideId "1707485"]
[BlackFideId "1405810"]

1.c4 e5 2.g3 Nf6 3.Bg2 d5 4.cxd5 Nxd5 5.Nc3 Nb6 6.Nf3 Nc6 7.O-O Be7 8.e3 
O-O 9.b3 Be6 10.Bb2 f6 11.Re1 Nd5 12.Nxd5 Bxd5 13.e4 Bf7 14.d4 exd4 15.
Nxd4 Nxd4 16.Qxd4 Qxd4 17.Bxd4 Rfd8 18.Be3 c6 19.Bf3 a5 20.Red1 Bb4 21.Bb6
Rxd1+ 22.Rxd1 Be6 23.Be2 Kf8 24.f4 Ke7 25.f5 Bf7 26.Bc7 a4 27.Bc4 axb3 28.
axb3 Bxc4 29.bxc4 Ra4 30.Kg2 Bc5 31.Rb1 Kd7 32.Bf4 Rb4 33.Rxb4 Bxb4 34.e5 
fxe5 35.Bxe5 g6 36.f6 Ke6 37.Bb2 Bd2 38.h4 g5 39.Kf3 gxh4 40.gxh4 h5 41.
Ke4 Be1 42.f7 Kxf7 43.Ke5 Bxh4 44.Kd6 Bg3+ 0-1

[Event "Xtracon Chess Open 2018"]
[Site "Elsinore"]
[Date "2018.07.29"]
[Round "10"]
[White "Bengtsson, Jessica"]
[Black "Mielow, Bjarne"]
[Result "1-0"]
[WhiteElo "1985"]
[BlackElo "1730"]
[EventDate "2018.07.21"]
[WhiteFideId "1711083"]
[BlackFideId "1415484"]

1.e4 c5 2.c3 g6 3.d4 Qc7 4.Nf3 Bg7 5.dxc5 Qxc5 6.Be3 Qc7 7.Bd3 Nf6 8.Na3 
a6 9.Nc4 Ng4 10.Nb6 Nxe3 11.Nxa8 Qc5 12.fxe3 Qxe3+ 13.Qe2 Qc5 14.Qf2 Qxf2+
15.Kxf2 O-O 16.Nb6 d6 17.Nxc8 Rxc8 18.Rad1 Nd7 19.Rhe1 b5 20.Ke2 h6 21.Nd4
Ne5 22.Nf3 Nd7 23.a4 Rc5 24.axb5 axb5 25.Ra1 b4 26.cxb4 Rc7 27.Rec1 Rb7 
28.Ra2 Rxb4 29.Rc4 Rb3 30.Bc2 Rb7 31.b4 Nb6 32.Rc6 d5 33.b5 dxe4 34.Bxe4 
Rb8 35.Ra6 Nc8 36.b6 Nd6 37.Rxd6 exd6 38.Ra8 1-0

[Event "Xtracon Chess Open 2018"]
[Site "Elsinore"]
[Date "2018.07.29"]
[Round "10"]
[White "Ramkilde, Mikael"]
[Black "Leonhardsen, Vebjorn Maanum"]
[Result "1/2-1/2"]
[WhiteElo "1971"]
[BlackElo "1726"]
[EventDate "2018.07.21"]
[WhiteFideId "1439391"]
[BlackFideId "1539515"]

1.e4 c6 2.d4 d5 3.e5 c5 4.dxc5 e6 5.Nf3 Bxc5 6.Nc3 Ne7 7.Bd3 Ng6 8.O-O O-O
9.a3 a6 10.Qe2 Nc6 11.Kh1 Qc7 12.Re1 b5 13.Nd1 Bb7 14.c3 Rfd8 15.Bg5 Be7 
16.Bxe7 Qxe7 17.Bxg6 hxg6 18.Nd4 Qc5 19.Qe3 Rac8 20.Re2 Nxd4 21.Qxd4 Rc6 
22.Qh4 Rd7 23.Rd2 Qc4 24.Qxc4 bxc4 25.Ne3 Rdc7 26.Nc2 a5 27.Nd4 Rb6 
1/2-1/2

[Event "Xtracon Chess Open 2018"]
[Site "Elsinore"]
[Date "2018.07.29"]
[Round "10"]
[White "Skovgaard, Ib"]
[Black "Gottschalck, Christian"]
[Result "1-0"]
[WhiteElo "1934"]
[BlackElo "1721"]
[EventDate "2018.07.21"]
[WhiteFideId "1406760"]
[BlackFideId "1428357"]

1.e4 d5 2.exd5 Qxd5 3.Nc3 Qa5 4.d4 c6 5.Bd2 Nf6 6.Bc4 Bf5 7.Qe2 e6 8.O-O-O
Be7 9.Nd5 Qd8 10.Nxe7 Qxe7 11.Nf3 Nbd7 12.Ne5 Nxe5 13.dxe5 Nd5 14.g4 Bg6 
15.f4 h6 16.Bxd5 cxd5 17.f5 exf5 18.Qb5+ Qd7 19.Qb4 fxg4 20.Rhe1 Rc8 21.
Bc3 b6 22.e6 fxe6 23.Qxg4 Bf7 24.Qxg7 Rg8 25.Qe5 Rg5 26.Qh8+ Rg8 27.Qxh6 
Bg6 28.Rg1 Qh7 29.Qe3 Kd7 30.Qe5 Bf7 31.Rxg8 Qxg8 32.Bb4 Rc6 33.b3 a5 34.
Bc3 Qg6 35.Rd2 Qh6 36.Kb2 Qg6 37.a4 Qf5 38.Rxd5+ Ke7 39.Rd2 Qxe5 40.Bxe5 
Bg6 41.c4 Be8 42.h4 Bh5 43.Kc3 Be8 44.Rg2 Rc5 45.Kd4 Bf7 46.Rg5 Rc8 47.h5 
Rd8+ 48.Kc3 1-0

[Event "Xtracon Chess Open 2018"]
[Site "Elsinore"]
[Date "2018.07.29"]
[Round "10"]
[White "Christensen, Tommy"]
[Black "Halberg, Jesper"]
[Result "1-0"]
[WhiteElo "1904"]
[BlackElo "1702"]
[EventDate "2018.07.21"]
[WhiteFideId "1423266"]
[BlackFideId "1451278"]

1.e4 c5 2.d4 cxd4 3.c3 dxc3 4.Nxc3 Nc6 5.Bc4 e6 6.Nf3 a6 7.O-O d6 8.Qe2 
Be7 9.Rd1 Qc7 10.Bf4 Nf6 11.e5 Nh5 12.exd6 Nxf4 13.dxc7 Nxe2+ 14.Bxe2 O-O 
15.Na4 b5 16.Rac1 Nb4 17.Nb6 Ra7 18.Ne5 Nxa2 19.Nc6 Rxc7 20.Nxe7+ Rxe7 21.
Rxc8 Ree8 22.Rc7 Rb8 23.Nd7 Rbc8 24.Nxf8 Rxc7 25.Rd8 Rc1+ 26.Bf1 h6 27.
Nxe6+ Kh7 28.Nf8+ Kg8 29.h4 h5 30.g4 hxg4 31.h5 f5 32.Kg2 Nb4 33.Ng6+ Kf7 
34.Rf8+ Ke6 35.Nf4+ Ke7 36.Rxf5 Rc6 37.Be2 Rc2 38.Ng6+ Kd6 39.Bxg4 Nd5 40.
Kg3 Rxb2 41.Bf3 Nf6 42.h6 Ke6 43.Rxf6+ 1-0

[Event "Xtracon Chess Open 2018"]
[Site "Elsinore"]
[Date "2018.07.29"]
[Round "10"]
[White "Skjoldager, Flemming"]
[Black "Kristensen, Thomas Overgaard"]
[Result "1-0"]
[WhiteElo "1902"]
[BlackElo "1696"]
[EventDate "2018.07.21"]
[WhiteFideId "1406515"]
[BlackFideId "1419803"]

1.b3 d5 2.Bb2 Nf6 3.e3 Bf5 4.Nf3 e6 5.c4 c6 6.Be2 Be7 7.O-O O-O 8.d3 Qb6 
9.Nbd2 Rd8 10.Nh4 Bg6 11.Nxg6 hxg6 12.Qc2 Na6 13.a3 Rac8 14.b4 c5 15.b5 
Nc7 16.Nf3 Nh5 17.a4 Bf6 18.Ne5 Qd6 19.f4 d4 20.exd4 cxd4 21.Ba3 Qb6 22.a5
Qxa5 23.Be7 Qb6 24.Bxd8 Rxd8 25.Qd2 Qd6 26.g4 Nxf4 27.Qxf4 Qxe5 28.Qxe5 
Bxe5 29.Rxa7 Rb8 30.Bf3 b6 31.Bc6 Kf8 32.Re1 Bf4 33.Re4 g5 34.Rxf4 gxf4 
35.Rxc7 Rd8 36.Kf2 Rb8 37.Kf3 e5 38.Bd5 1-0

[Event "Xtracon Chess Open 2018"]
[Site "Elsinore"]
[Date "2018.07.29"]
[Round "10"]
[White "Warston, Hakan"]
[Black "Rasmussen, Henrik Egede"]
[Result "0-1"]
[WhiteElo "1662"]
[BlackElo "1871"]
[EventDate "2018.07.21"]
[WhiteFideId "1717367"]
[BlackFideId "1417800"]

1.d4 Nf6 2.c4 Nc6 3.Nf3 e6 4.Nc3 Bb4 5.e3 O-O 6.Bd3 d5 7.O-O Re8 8.Qc2 h6 
9.a3 Bxc3 10.bxc3 dxc4 11.Bxc4 a6 12.Bb2 b5 13.Bd3 Bb7 14.Rad1 Na5 15.Ne5 
Rc8 16.f4 c5 17.dxc5 Qc7 18.c6 Nxc6 19.Nxc6 Qxc6 20.Rc1 Red8 21.Rfd1 Ng4 
22.Be4 Qxe4 23.Qxe4 Bxe4 0-1

[Event "Xtracon Chess Open 2018"]
[Site "Elsinore"]
[Date "2018.07.29"]
[Round "10"]
[White "Skaale, Janus"]
[Black "Overmark, Ole"]
[Result "1-0"]
[WhiteElo "1867"]
[BlackElo "1688"]
[EventDate "2018.07.21"]
[WhiteFideId "7201575"]
[BlackFideId "1410776"]

1.e4 e6 2.d4 d5 3.e5 c5 4.c3 Nc6 5.Nf3 Bd7 6.Be2 Nge7 7.O-O Ng6 8.Be3 cxd4
9.cxd4 Qb6 10.Qd2 Bb4 11.Nc3 O-O 12.h4 Nge7 13.h5 Nf5 14.h6 g6 15.a3 Nxe3 
16.fxe3 Be7 17.b4 Rac8 18.Na4 Qd8 19.Nc5 Rb8 20.b5 Bxc5 21.bxc6 Bxc6 22.
dxc5 b6 23.cxb6 Rxb6 24.Rab1 Qe7 25.Rxb6 axb6 26.Qb4 Qc5 27.Nd4 Rc8 28.Rb1
Be8 29.Kf2 Qc7 30.Qd6 1-0

[Event "Xtracon Chess Open 2018"]
[Site "Elsinore"]
[Date "2018.07.29"]
[Round "10"]
[White "Knudsen, Jan"]
[Black "Hjornevik, Knut J"]
[Result "0-1"]
[WhiteElo "1659"]
[BlackElo "1860"]
[EventDate "2018.07.21"]
[WhiteFideId "1460803"]
[BlackFideId "1505157"]

1.e4 e6 2.d3 d5 3.Nd2 c5 4.b3 Nf6 5.e5 Nfd7 6.f4 Nc6 7.Ngf3 Be7 8.g3 Qc7 
9.Bb2 Rg8 10.Bh3 a5 11.Rb1 a4 12.bxa4 Rxa4 13.a3 g5 14.c4 Ra8 15.cxd5 exd5
16.e6 g4 17.Bxg4 Rxg4 18.exd7+ Bxd7 19.O-O Qxf4 20.Ne5 Qe3+ 21.Kh1 Nxe5 
22.Re1 Nxd3 23.Rxe3 Nf2+ 24.Kg1 Nxd1 25.Rxd1 c4 26.Bf6 Be6 27.Bxe7 Kxe7 
28.Nf3 Re4 29.Rxe4 dxe4 30.Ng5 e3 31.Rb1 Bd5 32.Kf1 f6 33.Nh3 Rxa3 34.Ke2 
Kd6 35.Nf4 Be4 36.Rb6+ Bc6 37.Rb1 b5 38.Rd1+ Ke5 39.Rb1 Ke4 40.Rb2 Rb3 41.
Rc2 Bd7 42.h3 Ra3 43.Ng2 Bxh3 44.Ne1 Rd3 45.Rb2 Rd2+ 46.Rxd2 Bg4+ 47.Kf1 
exd2 48.Nf3 Kxf3 0-1

[Event "Xtracon Chess Open 2018"]
[Site "Elsinore"]
[Date "2018.07.29"]
[Round "10"]
[White "Kreken, Eivind Grunt"]
[Black "Jonsson, Olafur Gisli"]
[Result "1-0"]
[WhiteElo "1626"]
[BlackElo "1844"]
[EventDate "2018.07.21"]
[WhiteFideId "1532359"]
[BlackFideId "2302705"]

1.d4 d5 2.Bf4 c5 3.e3 Nc6 4.c3 Qb6 5.Qb3 c4 6.Qc2 e5 7.dxe5 Bf5 8.Qc1 g5 
9.Bg3 h5 10.h3 Bg7 11.Nf3 Bg6 12.Nxg5 Nxe5 13.Bxe5 Bxe5 14.Na3 Bf6 15.Nf3 
Ne7 16.Be2 O-O-O 17.Nc2 Kb8 18.Ncd4 Rhg8 19.b3 Rc8 20.bxc4 dxc4 21.O-O Be4
22.a4 Rg6 23.Kh2 Rcg8 24.Rg1 Be5+ 25.g3 Qf6 26.Qe1 h4 27.Nxe5 Qxe5 28.Bxc4
R8g7 29.Be2 Nf5 30.Nxf5 Qxf5 31.g4 Qe5+ 32.f4 Qxc3 33.Qxc3 1-0

[Event "Xtracon Chess Open 2018"]
[Site "Elsinore"]
[Date "2018.07.29"]
[Round "10"]
[White "Jensen, Torben W."]
[Black "Rasmussen, Morten"]
[Result "1/2-1/2"]
[WhiteElo "1615"]
[BlackElo "1837"]
[EventDate "2018.07.21"]
[WhiteFideId "1515942"]
[BlackFideId "1410865"]

1.e4 c5 2.a3 g6 3.h4 h5 4.Nf3 Bg7 5.Nc3 Nf6 6.d3 Nc6 7.Be3 b6 8.Nh2 d5 9.
exd5 Nxd5 10.Nxd5 Qxd5 11.c3 O-O 12.Be2 Bb7 13.Bf3 Qd7 14.Qd2 Ne5 15.Rd1 
Nxf3+ 16.Nxf3 Qg4 17.Rh3 Bxf3 18.Rxf3 Qxg2 19.Rg3 Qd5 20.Bh6 Rfe8 21.Bxg7 
Kxg7 22.f3 Rad8 23.Kf2 Rd7 24.Rg5 Qd6 25.f4 Red8 26.Qe3 Qf6 27.Qe4 e6 28.
Ke3 Rd5 29.Rd2 R8d7 30.Re5 1/2-1/2

[Event "Xtracon Chess Open 2018"]
[Site "Elsinore"]
[Date "2018.07.29"]
[Round "10"]
[White "Syndergaard, Stig"]
[Black "Tulliez, Andre"]
[Result "1/2-1/2"]
[WhiteElo "1830"]
[BlackElo "1678"]
[EventDate "2018.07.21"]
[WhiteFideId "1432435"]
[BlackFideId "45107181"]

1.Nf3 Nf6 2.c4 g6 3.d4 c5 4.e3 Bg7 5.Nc3 O-O 6.Be2 cxd4 7.exd4 d5 8.O-O 
dxc4 9.Bxc4 Nbd7 10.Be2 Nb6 11.h3 Nbd5 12.Qb3 Nb6 13.Rd1 Nfd5 14.a4 Be6 
15.Qa3 Nxc3 16.Qxc3 Nd5 17.Qe1 Rc8 18.a5 a6 19.Ra3 Bf5 20.Bd3 Qd7 21.Qd2 
Bxd3 22.Qxd3 Rc7 23.Ne5 Qe6 24.Nc4 Rfc8 25.b3 Rd8 26.Ra1 Rcd7 27.Be3 Nb4 
28.Qc3 Nd5 29.Qd2 Qc6 30.Rac1 Qe6 31.Ra1 Qc6 32.Qe1 Qe6 33.Rac1 Qf5 34.Qd2
Qe6 35.Re1 Qf5 36.g4 Qf3 37.Kh2 Nxe3 38.fxe3 Qd5 39.Nb6 Qd6+ 40.Kg2 Rc7 
41.Rxc7 Qxc7 42.Rc1 Qd6 43.Rd1 Qc6+ 44.d5 Qb5 45.b4 Bc3 46.Qxc3 Qe2+ 47.
Kg3 Qxd1 48.Qc7 Qg1+ 49.Kf3 Rd6 50.Nd7 Qd1+ 51.Kg3 Qg1+ 52.Kf3 Qf1+ 53.Kg3
Qg1+ 54.Kf3 Qf1+ 55.Kg3 Rxd7 56.Qxd7 Qe1+ 57.Kf3 Qxb4 58.Qc7 Qb5 59.Qb8+ 
Kg7 60.Qe5+ Kg8 61.Qb8+ Kg7 62.Qe5+ 1/2-1/2